| 000 | 00901nam a2200265 a 4500 | ||
|---|---|---|---|
| 003 | DO-SdBNP | ||
| 005 | 20230313133131.0 | ||
| 007 | ta | ||
| 008 | 220204e1991 dr ||||er|||| 001 0 spa d | ||
| 020 | _a9789945918700 | ||
| 040 |
_aDO-SdBNP _bspa _cBNPHU |
||
| 082 | 4 |
_a289.93 _bJ91i _222 |
|
| 100 | 1 |
_9611 _aJuanes, Benigno, |
|
| 245 | 1 | 0 |
_aIntroducción a la curación interior y física / _cBenigno Juanes |
| 260 |
_aSanto Domingo : _bAmigo del Hogar, _c1991 |
||
| 300 |
_a260 p. ; _c22 cm. |
||
| 490 |
_aTorrentes; _v12 |
||
| 500 | _aIncluye biografía y notas en pié de páginas. | ||
| 590 | _aInventariado, 2023/MFF | ||
| 650 | 4 |
_977953 _aIglesia católica _xHistoria de las doctrinas _zRepública Dominicana |
|
| 650 | 4 |
_9666 _aMovimiento Carismático _xRepública Dominicana |
|
| 650 |
_96931 _aCuración por la fe |
||
| 910 | _aMFeliz/Validado. Control de calidad MFF | ||
| 942 |
_2ddc _cLBS1 |
||
| 999 |
_c51336 _d51336 |
||